01291 a2200193 45000010006000000050017000060080041000230030015000640400040000790800117001192450055002362500012002912640051003033000019003545050602003730410008009751000019009838560095010023778120260407155644.0260407a1968 arg spa dAR-UNSa-BCEJYS aAR-UNSa-BCEJYSbspacAR-UNSa-BCEJYS a338.2xPolítica económica. Control de la economía. Gestión de la economía. Planificación económica10aPolítica económicapprincipios y formulación a2a. ed. 1aMéxico :bFondo de Cultura Económicac1968 a343 p.c21 cm. a1. La contribución del análisis económico a la formulación de la política económica - 2. Modelos económicos - 3. La política cuantitativa. Regulación de la posición dentro de una estructura dada. Economía cerrada - 4. Política cuantitativa. En una economía abierta y en grupos económicos - 5. Política cualitativa: cambios en la estructura con bases establecidas - 6. Reformas: cambios en las bases - 7. ¿Son las utopías una concepción errónea de la naturaleza humana? - 8. Algunas observaciones adicionales sobre la organización de la política económica aspa1 aTinbergen, Jan41uhttps://biblioeco.unsa.edu.ar/pmb/images/libros/L125677.jpgyImagen de portadaqimage/jpeg